000
00314nam a22001337a 4500
020
_a
0-538-33900-4
082
_a
676.282 HIR
100
_a
HIRD, KENNETH.F
_9
67176
245
_a
UNDERSTANDING GRAPHIC ARTS
260
_a
USA
_b
SOUTH WESTERN
_c
1982
300
_a
284P
650
_a
GRAPHIC ARTS
_9
33010
942
_c
BK
999
_c
575013
_d
575013